000 00707nam a2200217 a 4500
001 BRCA_6921
005 20190320205637.0
008 161111s1948----u--ac#####---#000-0#eng-#
041 _aeng
044 _au
245 1 0 _aJim Farley´s story
_bthe Roosevelt years
_cby James A. Farley
260 _aNueva York y Toronto
_bWhittlesey House : McGraw-Hill Book Company
_cc 1948
300 _ax, 388 p.
_bil.
_c24 cm.
500 _aIncluye índice alfabético
500 _aO140
600 1 4 _aRoosevelt, Franklin D.
_cFranklin Delano
_d1882-1945
_917248
600 1 4 _aRoosevelt, Eleanor
_d1884-1962
_917249
651 4 _aEstados Unidos
_xPolítica y gobierno
_y1933-1945
_917250
902 _aGFM
942 _2lcc
_cB
999 _c6603
_d6603